Library Banner

Drugs in dentistry / (Record no. 139956)

MARC details
000 -LEADER
fixed length control field 00419nam a22001697a 4500
005 - DATE AND TIME OF LATEST TRANSACTION
control field 20260303102613.0
008 - FIXED-LENGTH DATA ELEMENTS--GENERAL INFORMATION
fixed length control field 260303b |||||||| |||| 00| 0 eng d
020 ## - INTERNATIONAL STANDARD BOOK NUMBER
International Standard Book Number 9788131229064 (pbk)
040 ## - CATALOGING SOURCE
Transcribing agency PK-LaUMT
082 ## - DEWEY DECIMAL CLASSIFICATION NUMBER
Classification number 617.6061
Item number MOS-D
100 ## - MAIN ENTRY--PERSONAL NAME
Personal name Mosby
245 ## - TITLE STATEMENT
Title Drugs in dentistry /
Statement of responsibility, etc by Mosby
250 ## - EDITION STATEMENT
Edition statement 10th ed.
260 ## - PUBLICATION, DISTRIBUTION, ETC. (IMPRINT)
Place of publication, distribution, etc Missouri :
Name of publisher, distributor, etc Elsevier,
Date of publication, distribution, etc 2012
300 ## - PHYSICAL DESCRIPTION
Extent 1486 p.
942 ## - ADDED ENTRY ELEMENTS (KOHA)
Koha item type Books
Holdings
Withdrawn status Lost status Damaged status Home library Current library Date acquired Full call number Barcode Date last seen Price effective from Koha item type Copy number
      UMT Health Sciences Campus UMT Health Sciences Campus 2026-03-03 617.6061 MOS-D 152067 2026-03-03 2026-03-03 Books  
      UMT Health Sciences Campus UMT Health Sciences Campus 2026-03-03 617.6061 MOS-D 152068 2026-03-03 2026-03-03 Books C.2
      UMT Health Sciences Campus UMT Health Sciences Campus 2026-03-03 617.6061 MOS-D 152069 2026-03-03 2026-03-03 Books C.3
      UMT Health Sciences Campus UMT Health Sciences Campus 2026-03-03 617.6061 MOS-D 152070 2026-03-03 2026-03-03 Books C.4